000
00290nam a22001337a 4500
008
170824b xxu||||| |||| 00| 0 eng d
020
_a
9780321331908
041
_a
eng
080
_2
5 ED
_a
51
100
_a
38
101
_a
MAT
245
_a
PRECALCULUS
_c
ELLENBOGEN.J
942
_2
udc
_c
BK
999
_c
24851
_d
24851